Salmonowicz, Stanisław. Polen im 17. und 18. Jahrhundert. - Toruń

Titel: Salmonowicz, Stanisław. Polen im 17. und 18. Jahrhundert. - Toruń : Uniw. Mikołaja Kopernika. - 1997 [Rezension]
Verfasser:
In: Zapiski historyczne, Band 63, Heft 3/4 (1998), Seite 118-119
alle Artikel anzeigen
Veröffentlicht: 1998
Format: Aufsatz
Sprache: Polnisch
Kein Bild verfügbar
X
alg: 39527023
001A    $01999:12-11-16 
001B    $03025:24-05-24 $t12:34:36.000 
001D    $01999:12-11-16 
001U    $0utf8 
001X    $00 
002@    $0Aox 
003@    $0395270235 
007A    $0395270235 $aHEB 
007T    $0Herdt07712 
010@    $apol 
011@    $a1998 
021A    $aSalmonowicz, Stanisław. Polen im 17. und 18. Jahrhundert. - Toruń $dUniw. Mikołaja Kopernika. -  1997 [Rezension] 
028A    $BVerfasser $4aut $8Zientara, Włodzimierz$Z1954- [Tp1] $944825462X 
031A    $d63 $e3/4 $h118-119 $j1998 
039B    $aIn $8--Abvc--. Zapiski historyczne. - Toruń {[u.a.] : TNT, 1956-. - ISSN 0044-1791 $x199800000630003882 $904810552X 
039T    $8--Aau--Salmonowicz, Stanisław [Tnx]. Polen im 17. und 18. Jahrhundert. - Toruń : Uniw. Mikołaja Kopernika, 1997. - 129 S.. - Ill.. - ISBN 83-231-0859-5 $9074546090 
045F    $a900.94793 $eDDC23BSB 
045F/01 $a900 
045F/03 $g4793 
045F/03 $g438 
045F/03 $g4382 
045F/03 $g43832 

lok: 39527023 78

exp: 39527023 78 1 #EPN
201B/01 $018-11-16 $t14:20:58.000 
201U/01 $0utf8 
203@/01 $0791608662 
208@/01 $a12-11-16 $be 
209A/01 $a/ $f000 $x00 
220C/01 $aTitelaufnehmer: uz 
220C/01 $aHerkunft: LII / T. Baranauskas;HI Marburg 
244Z/01 $2Trx $#Poola $#Lenkija $#Polija $#Polen Land $#Poland $#Lengyelország $#Poľsko $#Polsko $8--Trx--Polska$gkraj $x01 $9391345966 
244Z/01 $2Trx $#Litauen $#Lithuania $#Litwa $#Litva $#Litva $8--Trx--Lietuva $x02 $9391193457 
244Z/01 $2Trx $#Prusy Wschodnie i Zachodnie $8--Trx--Ost- und Westpreußen $x03 $939113373X 
244Z/01 $2Trx $#arvustused $#recenzijos $#Reviews $#recenziók $#recenzje $#recenzie $#recenze $8--Trx--Rezensionen $x04 $9391357441 
247C/01 $82080>Marburg/Lahn, Herder-Institut, Forschungsbibliothek, Bibliographieportal $9336309341
LEADER 00000caa a22000002c 4500
001 395270235
003 DE-603
005 20240524123436.0
007 tu
008 161112s1998 xx |||| | u00||u|pol c
035 |a (DE-599)HEB395270235 
040 |a DE-603  |b ger  |c DE-603  |d DE-603 
041 |a pol 
082 0 4 |8 1\u  |a 900.94793  |q DE-101  |2 23/BSB 
085 |8 1\u  |b 900 
085 |8 1\u  |z 2  |s 4793 
085 |8 1\u  |z 2  |s 438 
085 |8 1\u  |z 2  |s 4382 
085 |8 1\u  |z 2  |s 43832 
100 1 |a Zientara, Włodzimierz  |d 1954-  |e Verfasser  |4 aut  |0 (DE-603)44825462X  |0 (DE-588)1185450408  |2 gnd 
245 0 0 |a Salmonowicz, Stanisław. Polen im 17. und 18. Jahrhundert. - Toruń  |b Uniw. Mikołaja Kopernika. - 1997 [Rezension] 
264 0 |c 1998 
773 0 8 |i In  |t Zapiski historyczne  |d Toruń ˜[u.a.] œ: TNT, 1956-  |x 0044-1791  |g Band 63, Heft 3/4 (1998), Seite 118-119  |w (DE-603)04810552X  |w (DE-600)860296-7 
787 0 8 |i Rezension von  |a Salmonowicz, Stanisław  |t Polen im 17. und 18. Jahrhundert  |d Toruń : Uniw. Mikołaja Kopernika, 1997  |h 129 S., Ill.  |z 8323108595  |w (DE-603)074546090 
924 0 |9 2080  |a (DE-603)791608662  |b DE-2080  |c HES  |d d  |g /